000 00633nam a22002297a 4500
003 UA-OsUOA
001 70523
007 ta
008 20100906b un ||||| |||| 00| 0 ukr d
100 _aГрёнбек Бо
090 _a929
_bГ79
942 _cBK
040 _aUA-OsUOA
_brus
_cUA-OsUOA
_dUA-OsUOA
245 _aХанс Кристиан Андерсен
_bжизнь, творчество, личность
300 _a235 с.
955 _a3
041 _arus
080 _a929
260 _aМ.
_bПрогресс
_c1979
650 7 _a9 Географія. Біографії. Історія
_2UDC
999 _c356793
_d356793